000 01015cam a2200181 4500
001 L129826
008 050526n2005 000 0 eng u
035 _a(Sirsi) u129826
041 _aeng
110 _aRoyal Institution of Chartered Surveyors
_94900
245 _aThinking about the lease on your business premises?
260 _aLondon
_bRICS
_c2005
300 _a1 folded leaflet
_c21cm.
520 _aDescribes how a chartered surveyor can help in the renewal of a lease on business property or when a new lease is about to be taken on. Answers questions on lease renewal and on the landlord's right to move the tenant out. Refers to the RICS Dispute Resolution Service for assistance with resolving landlord and tenant disputes. Suggests that customers should talk to an RICS member who is a specialist in business property. Contact details.
590 _aIKA210605
690 _aPROPERTY-COMMERCIAL PROPERTY-LEASEHOLD COMMERCIAL PROPERTY-COMMERCIAL LANDLORD AND TENANT-BUSINESS TENANCIES
942 _n0
999 _c104287
_d104287